000 00265nam a22001097a 4500
008 160520b xxu||||| |||| 00| 0 eng d
020 _a0471400610
041 _aeng
080 _a339
245 _aTourism:
_cCharles R. Goeldner; J. R. Brent Ritchie;
942 _2udc
_cBK
999 _c2311
_d2311